000 01025pam a2200325 i 4500
999 _c1295
_d1295
001 017182471
003 Uk
005 20230106102354.0
008 150324r20151977enka j 000 1 eng d
015 _aGBB556901
_2bnb
016 7 _a017182471
_2Uk
020 _a9780141359786 (pbk.) :
040 _aStDuBDS
_beng
_cStDuBDS
_dUk
_dKH8
_erda
042 _aukblcatcopy
082 0 4 _a813.6 PAT
_223
100 1 _aPaterson, Katherine,
_eauthor.
245 1 0 _aBridge to Terabithia /
_cKatherine Paterson ; illustrated by Peter Roberts.
264 1 _aUK :
_bPuffin Books,
_c2015.
300 _a177 pages :
_billustrations (black and white) ;
_c20 cm
336 _atext
_2rdacontent
336 _astill image
_2rdacontent
337 _aunmediated
_2rdamedia
338 _avolume
_2rdacarrier
500 _aOriginally published: New York: Thomas Y. Crowell, 1977.
500 _aFormerly CIP.
_5Uk
655 0 _aFantasy fiction.
655 0 _aChildren's stories.
700 1 _aRoberts, Peter,
_eillustrator.
942 _2ddc
_cNFIC